[Event "Hoogeveen op 25th"]
[Site "Hoogeveen"]
[Date "2022.10.19"]
[Round "6"]
[White "Ten Ham, John"]
[Black "Godding, Mick"]
[Result "1/2-1/2"]
[WhiteElo "1910"]
[BlackElo "1831"]
[PlyCount "48"]
[EventDate "2022.10.15"]
[EventType "swiss"]
[EventRounds "9"]
[EventCountry "NED"]
[SourceTitle "CBM 210 Extra"]
[Source "ChessBase"]
[SourceDate "2022.11.30"]
[SourceVersion "1"]
[SourceVersionDate "2022.11.30"]
[SourceQuality "1"]

1. d4 Nf6 2. c4 c5 3. e3 e6 4. Nf3 d5 5. dxc5 Bxc5 6. Be2 0-0 7. cxd5 Nxd5 8. Bd2 Nc6 9. Nc3 Nxc3 10. Bxc3 Bb4 11. Qb3 Qe7 12. 0-0 Bxc3 13. Qxc3 Bd7 14. Rfd1 Rac8 15. Rac1 Nb8 16. Qd4 a6 17. Ne5 Bc6 18. Nxc6 Nxc6 19. Qb6 Qc7 20. Qc5 Rfd8 21. g3 g6 22. Bf3 Rxd1+ 23. Bxd1 Qd7 24. e4 Qd2 1/2-1/2

[Event "Vlissingen HZ op 24th"]
[Site "Vlissingen"]
[Date "2022.08.13"]
[Round "9"]
[White "Manshanden, Nick"]
[Black "Godding, Mick"]
[Result "1-0"]
[WhiteElo "2065"]
[BlackElo "1773"]
[PlyCount "27"]
[EventDate "2022.08.06"]
[EventType "swiss"]
[EventRounds "9"]
[EventCountry "NED"]
[SourceTitle "CBM 209 Extra"]
[Source "ChessBase"]
[SourceDate "2022.09.30"]
[SourceVersion "1"]
[SourceVersionDate "2022.09.30"]
[SourceQuality "1"]

1. d4 f5 2. Bg5 Nf6 3. Bxf6 exf6 4. e3 b6 5. Qf3 d5 6. Bd3 Qd7 7. Ne2 Na6 8. c3 c5 9. Nd2 g6 10. h4 Bb7 11. h5 Rg8 12. Nf4 0-0-0 13. hxg6 hxg6 14. Nxg6 1-0

[Event "Vlissingen HZ op 24th"]
[Site "Vlissingen"]
[Date "2022.08.12"]
[Round "8"]
[White "Godding, Mick"]
[Black "Brokaar, Joey"]
[Result "1/2-1/2"]
[WhiteElo "1773"]
[BlackElo "2068"]
[PlyCount "39"]
[EventDate "2022.08.06"]
[EventType "swiss"]
[EventRounds "9"]
[EventCountry "NED"]
[SourceTitle "CBM 209 Extra"]
[Source "ChessBase"]
[SourceDate "2022.09.30"]
[SourceVersion "1"]
[SourceVersionDate "2022.09.30"]
[SourceQuality "1"]

1. e4 c5 2. c3 d5 3. exd5 Qxd5 4. d4 Nc6 5. Nf3 Bg4 6. Be2 e6 7. Be3 cxd4 8. Bxd4 Nxd4 9. cxd4 Bb4+ 10. Nc3 Qa5 11. 0-0 Bxc3 12. bxc3 Nf6 13. Rb1 0-0 14. Rxb7 Qxa2 15. h3 Nd5 16. Qb3 Qxe2 17. hxg4 Rfc8 18. Rc1 Qc4 19. Qa3 Qc6 20. Rxf7 1/2-1/2

[Event "Maastricht Limburg op-C 8th"]
[Site "Maastricht"]
[Date "2014.06.08"]
[Round "5"]
[White "Godding, Mick"]
[Black "Oxener, Aldo"]
[Result "1-0"]
[WhiteElo "1616"]
[BlackElo "1506"]
[PlyCount "57"]
[EventDate "2014.06.06"]
[EventType "swiss"]
[EventRounds "7"]
[EventCountry "NED"]
[SourceTitle "EXT 2015"]
[Source "ChessBase"]
[SourceDate "2014.11.20"]
[SourceVersion "1"]
[SourceVersionDate "2014.11.20"]
[SourceQuality "1"]

1. f4 f5 2. b3 Nf6 3. Nf3 e6 4. e3 d5 5. c4 Bd6 6. Bb2 0-0 7. Nc3 c6 8. Be2 Nbd7 9. 0-0 b6 10. Rc1 Bb7 11. d4 Ne4 12. Ne5 Rf6 13. Rf3 Rh6 14. Nxe4 fxe4 15. Rg3 Nf6 16. c5 Bc7 17. cxb6 Bxe5 18. dxe5 Nd7 19. Bg4 axb6 20. Bxe6+ Rxe6 21. f5 Rxe5 22. Bxe5 Nxe5 23. Qd4 Qc7 24. Qxd5+ cxd5 25. Rxc7 Bc6 26. Rgxg7+ Kf8 27. Rxh7 Kg8 28. Rcg7+ Kf8 29. f6 1-0

[Event "Maastricht Limburg op-C 8th"]
[Site "Maastricht"]
[Date "2014.06.07"]
[Round "3"]
[White "Godding, Mick"]
[Black "Lennartz, Ludwig"]
[Result "0-1"]
[WhiteElo "1616"]
[BlackElo "1511"]
[PlyCount "78"]
[EventDate "2014.06.06"]
[EventType "swiss"]
[EventRounds "7"]
[EventCountry "NED"]
[SourceTitle "EXT 2015"]
[Source "ChessBase"]
[SourceDate "2014.11.20"]
[SourceVersion "1"]
[SourceVersionDate "2014.11.20"]
[SourceQuality "1"]

1. f4 d5 2. b3 Bf5 3. e3 Nf6 4. Bb2 e6 5. Nf3 h6 6. Nc3 Be7 7. Bd3 Bxd3 8. cxd3 Nbd7 9. 0-0 0-0 10. Ne2 c5 11. Rc1 Qa5 12. Bc3 Qb5 13. Qc2 Rac8 14. h3 c4 15. dxc4 dxc4 16. Ned4 Qb6 17. a4 Nd5 18. a5 Qc5 19. b4 Nxb4 20. Bxb4 Qxb4 21. Rb1 Qxa5 22. Rxb7 Qd5 23. Rxa7 Bc5 24. Ra5 Nf6 25. Rfa1 Qe4 26. Qa4 Bxd4 27. Nxd4 Qd3 28. Nc6 Rfe8 29. Ra7 Nd5 30. Rd1 c3 31. Rxf7 Rxc6 32. Qxc6 Kxf7 33. Qb7+ Re7 34. Qb3 Rc7 35. f5 c2 36. Qxd3 cxd1Q+ 37. Kf2 Nf6 38. fxe6+ Kxe6 39. g4 Qc2 0-1

[Event "Maastricht Limburg op-C 8th"]
[Site "Maastricht"]
[Date "2014.06.06"]
[Round "1"]
[White "Godding, Mick"]
[Black "Koppens, Gertie"]
[Result "1-0"]
[WhiteElo "1616"]
[BlackElo "1265"]
[PlyCount "57"]
[EventDate "2014.06.06"]
[EventType "swiss"]
[EventRounds "7"]
[EventCountry "NED"]
[SourceTitle "EXT 2015"]
[Source "ChessBase"]
[SourceDate "2014.11.20"]
[SourceVersion "1"]
[SourceVersionDate "2014.11.20"]
[SourceQuality "1"]

1. f4 d5 2. b3 Bf5 3. e3 e6 4. Nf3 Nc6 5. Bb5 Nge7 6. Bb2 a6 7. Bxc6+ Nxc6 8. 0-0 f6 9. d3 Bc5 10. Re1 0-0 11. Nh4 Ne7 12. Nd2 c6 13. g4 g5 14. fxg5 fxg5 15. gxf5 Nxf5 16. Nxf5 exf5 17. Be5 g4 18. d4 Be7 19. c4 Bh4 20. Re2 Qg5 21. Bf4 Qg6 22. Rg2 Kf7 23. Nf3 Qh5 24. Nxh4 Qxh4 25. cxd5 cxd5 26. Qc2 Ke6 27. Qc7 Qe7 28. Qe5+ Kf7 29. Qxf5+ 1-0

[Event "Maastricht Limburg op-C 6th"]
[Site "Maastricht"]
[Date "2012.05.27"]
[Round "4"]
[White "Godding, Mick"]
[Black "Rosenbrand, Stefan"]
[Result "1-0"]
[WhiteElo "1636"]
[BlackElo "1381"]
[PlyCount "47"]
[EventDate "2012.05.25"]
[EventType "swiss"]
[EventRounds "7"]
[EventCountry "NED"]
[SourceTitle "EXT 2013"]
[Source "ChessBase"]
[SourceDate "2012.11.22"]
[SourceVersion "1"]
[SourceVersionDate "2012.11.22"]
[SourceQuality "1"]

1. e4 c5 2. c3 d5 3. exd5 Qxd5 4. d4 Nf6 5. Nf3 Nc6 6. Be2 e6 7. 0-0 Be7 8. Be3 0-0 9. c4 Qd8 10. Nc3 cxd4 11. Nxd4 Ne5 12. h3 Qc7 13. Ncb5 Qd8 14. Nf3 Nxf3+ 15. Bxf3 a6 16. Qxd8 Bxd8 17. Nd6 Bc7 18. Nxc8 Raxc8 19. Bxb7 Rb8 20. Bxa6 Rxb2 21. Bb5 Be5 22. a4 Ra8 23. Rad1 Ne4 24. Bc6 1-0

[Event "Maastricht Limburg op-C 4th"]
[Site "Maastricht"]
[Date "2010.05.24"]
[Round "6"]
[White "Vincent, Gwijde"]
[Black "Godding, Mick"]
[Result "1/2-1/2"]
[WhiteElo "1701"]
[BlackElo "1516"]
[PlyCount "86"]
[EventDate "2010.05.21"]
[EventType "swiss"]
[EventRounds "7"]
[EventCountry "NED"]
[SourceTitle "EXT 2011"]
[Source "ChessBase"]
[SourceDate "2010.11.26"]
[SourceVersion "1"]
[SourceVersionDate "2010.11.26"]
[SourceQuality "1"]

1. e4 d5 2. exd5 Nf6 3. d4 Nxd5 4. Nf3 Bg4 5. Bc4 e6 6. 0-0 Nc6 7. Re1 Nb6 8. Bb5 a6 9. Bxc6+ bxc6 10. Nc3 c5 11. d5 Bd6 12. h3 Bh5 13. dxe6 0-0 14. Bg5 f6 15. Bh4 c6 16. Ne4 Be7 17. Qxd8 Raxd8 18. Ne5 Rc8 19. Nd7 Nxd7 20. exd7 Rcd8 21. g4 Bg6 22. Rad1 Bxe4 23. Rxe4 Rf7 24. Bg3 Bf8 25. Re8 Rdxd7 26. Rxd7 Rxd7 27. Kg2 Kf7 28. Rc8 Rd2 29. Rxc6 Rxc2 30. Rxa6 Rxb2 31. Ra7+ Kg6 32. Bf4 c4 33. h4 h6 34. a4 c3 35. Rc7 Rb4 36. Kg3 Rxa4 37. Rxc3 Ra3 38. Rxa3 Bxa3 39. Be3 h5 40. g5 f5 41. Kf3 Kf7 42. Bd4 g6 43. Kf4 Ke6 1/2-1/2

[Event "Enschede op-C U14"]
[Site "Enschede"]
[Date "2009.08.05"]
[Round "6"]
[White "Godding, Mick"]
[Black "Roelofs, Iris"]
[Result "1/2-1/2"]
[WhiteElo "1327"]
[BlackElo "1581"]
[PlyCount "35"]
[EventDate "2009.08.03"]
[EventType "swiss"]
[EventRounds "7"]
[EventCountry "NED"]
[SourceTitle "CBM 132 Extra"]
[Source "ChessBase"]
[SourceDate "2009.11.03"]
[SourceVersion "1"]
[SourceVersionDate "2009.11.03"]
[SourceQuality "1"]

1. e4 d5 2. exd5 Nf6 3. d4 Nxd5 4. c4 Nf6 5. Nf3 e6 6. Nc3 Be7 7. Be2 0-0 8. 0-0 Nc6 9. Be3 a6 10. Qc2 Na7 11. Rfd1 c6 12. a3 b5 13. c5 Nd5 14. b4 f5 15. Nxd5 exd5 16. Bf4 Bf6 17. Bd3 g6 18. Be5 1/2-1/2